000 00427nam a2200181Ia 4500
001 1435
005 20260306143728.0
008 260306t1995||||xx |||||||||||||| ||spa||
041 _aESP
082 _a150.1
_bG37
100 _aGeldard, Frank Arthur
_eAUT
245 0 _aFundamentos de PsicologĂ­a
260 _c1995
300 _a496 páginas :
_c25 x 18 cm.
650 _aGEN
654 _aCPS
942 _cLIB
_dJUS
_fJUS
_2ddc
_n
999 _c1435
_d1435